MAASAI MARA UNIVERSITY

LIBRARY CATALOGUE

Contact Us: +254 020 2685356/7 or 0774 057787

Box: 861-20500, NAROK, KENYA

Email: info@mmarau.ac.ke

Re invention of librarianship : (Record no. 8753)

MARC details
000 -LEADER
fixed length control field 00585nam a2200205Ia 4500
003 - CONTROL NUMBER IDENTIFIER
control field OSt
005 - DATE AND TIME OF LATEST TRANSACTION
control field 20210727165221.0
008 - FIXED-LENGTH DATA ELEMENTS--GENERAL INFORMATION
fixed length control field 151021s9999 xx 000 0 und d
020 ## - INTERNATIONAL STANDARD BOOK NUMBER
International Standard Book Number 9.7881700061e+012
040 ## - CATALOGING SOURCE
Original cataloging agency MMU
Transcribing agency MMU
Language of cataloging eng
Modifying agency MMU
050 ## - LIBRARY OF CONGRESS CALL NUMBER
Classification number Z 678.9 .R28 2010
100 ## - MAIN ENTRY--PERSONAL NAME
Personal name Ramaiah L.S
245 ## - TITLE STATEMENT
Title Re invention of librarianship :
Remainder of title its miltiple facets/
Statement of responsibility, etc. L.S.Ramaiah.
260 ## - PUBLICATION, DISTRIBUTION, ETC. (IMPRINT)
Place of publication, distribution, etc. New Delhi :
Name of publisher, distributor, etc. Ess Ess,
Date of publication, distribution, etc. 2010.
300 ## - PHYSICAL DESCRIPTION
Extent xiii, 235 p. :
500 ## - GENERAL NOTE
General note Includes index.
650 ## - SUBJECT ADDED ENTRY--TOPICAL TERM
Topical term or geographic name as entry element Librarianship
942 ## - ADDED ENTRY ELEMENTS (KOHA)
Source of classification or shelving scheme Library of Congress Classification
Koha item type SL
980 ## - EQUIVALENCE OR CROSS-REFERENCE-SERIES STATEMENT--PERSONAL NAME/TITLE [LOCAL, CANADA]
Personal name ^d20120127 10:38:31^okorir
Holdings
Withdrawn status Lost status Source of classification or shelving scheme Damaged status Not for loan Home library Current library Date acquired Source of acquisition Cost, normal purchase price Total Checkouts Full call number Barcode Date last seen Price effective from Koha item type
    Library of Congress Classification     Maasai Mara University Library -Main Campus Maasai Mara University Library -Main Campus 02/01/2016 Purchased 2860.00   Z678.9 .R28 2010 20117149 02/01/2016 02/01/2016 SL
© 2016 Maasai Mara University.